Normal view
MARC view
- الاسلام والديانات الاخرى- الاسلام والمسيحية- الاسلام واليهودية
Entry Topical Term
001 - CONTROL NUMBER
- control field: 47041
003 - CONTROL NUMBER IDENTIFIER
- control field: JO-AjAnu
005 - DATE AND TIME OF LATEST TRANSACTION
- control field: 20230606081753.0
008 - FIXED-LENGTH DATA ELEMENTS
- fixed length control field: 230606|| aca||aabn | a|a d
040 ## - CATALOGING SOURCE
- Original cataloging agency: JO-AjAnu
- Transcribing agency: JO-AjAnu
150 ## - HEADING--TOPICAL TERM
- Topical term or geographic name entry element: الاسلام والديانات الاخرى- الاسلام والمسيحية- الاسلام واليهودية
670 ## - SOURCE DATA FOUND
- Source citation: Work cat.: (JO-AjAnu)24075: أبو الوفا، محمد, author 47040, حوار مع أهل الكتاب، ج1